| 000 | 01057 a2200277 4500 | ||
|---|---|---|---|
| 005 | 20080829123836.0 | ||
| 008 | 080908t xxu||||| |||| 00| 0 eng d | ||
| 010 | _aENG-90981 | ||
| 020 |
_a9788178803630 _c600.00 |
||
| 035 | _aEN-74514 | ||
| 037 | _bDBAD / PUB | ||
| 040 |
_adpl _bEnglish |
||
| 082 | _a379.1210954 | ||
| 100 | _aMurthy, G.S. | ||
| 245 |
_aPublic and private roles in education / _cby G.S. Murthy |
||
| 260 |
_aNew Delhi _bRajat Publications _c2008 |
||
| 300 |
_av, 256 p. _c22 cm. (Hb) |
||
| 500 | _aIncludes bibliographical references and inex | ||
| 650 |
_aEducation and state _zIndia |
||
| 650 |
_aPrivate schools _zIndia |
||
| 650 |
_aPublic schools _zIndia |
||
| 650 |
_aEducation _zIndia _xGovernment policy |
||
| 270 |
_a4675/21, Ansari Raod, Darya Ganj, _bNew Delhi _e110002 |
||
| 942 |
_adpl _cEN _2ddc _mMUR _h379.1210954 |
||
| 999 |
_c15411 _d15411 |
||